000 01045nam0a2200253 4500
001 RU\NLR\BIBL_A\012561047
005 20260405103837.0
010 _a5-7670-0703-9
_94000
035 _a(NLR Aleph) 012561047
090 _a13304789
_c13304789
100 _a20210708d1993 |||y0rusy50 ca
101 0 _achv
102 _aRU
105 _ay z 000 y
200 1 _aУлăп халапěсем
_fГ. Ф. Юмарт пухса ха
_gЧăваш Респ. Мин-сен Совечě çуменчи Хисеп палли" орденлă чěлхе, литература, истори тата экономика наука тěпчев ин-чě
210 _aШупашкар
_cЧǎваш кěнеке изв-ви
_d1993
215 _a283,[1] с.
_d21
541 1 _aСказание об улыпах
_zrus
686 1 _aШ3(251.1=Чув.)-615
702 1 _4220
_8rus
_7ca
_aЮмарт
_bГ. Ф.
_f1938-
_gГеннадий Федорович
_3RU\NLR\AUTH\7739428
_922412
852 _aNLR
_bОНЛ
_jЧув./3-3539
942 _cBOOK
980 _aNB